Clara Campoamor (Record no. 38791)
[ view plain ]
| 000 -LEADER | |
|---|---|
| campo de control de longitud fija | 00590nam a2200181 i 4500 |
| 001 - NÚMERO DE CONTROL | |
| campo de control | 38791 |
| 003 - IDENTIFICADOR DE NÚMERO DE CONTROL | |
| campo de control | ES-MaACL |
| 005 - FECHA Y HORA DE LA ÚLTIMA TRANSACCIÓN | |
| campo de control | 20231218195701.0 |
| 007 - CAMPO FIJO DE DESCRIPCIÓN FÍSICA--INFORMACIÓN GENERAL | |
| campo de control de longitud fija | t| |
| 008 - DATOS DE LONGITUD FIJA--INFORMACIÓN GENERAL | |
| campo de control de longitud fija | 030226q1988 sp |||| |bspa d |
| 245 00 - MENCIÓN DEL TÍTULO | |
| Título | Clara Campoamor |
| Resto del título | : I Centenario de su nacimiento : biografía / |
| Mención de responsabilidad, etc. | [Fundación Clara Campoamor]. |
| 260 ## - PUBLICACIÓN, DISTRIBUCIÓN, ETC. | |
| Lugar de publicación, distribución, etc. | [Madrid : |
| Nombre del editor, distribuidor, etc. | Ayuntamiento, Junta Municipal de Latina, |
| Fecha de publicación, distribución, etc. | 1988?] |
| 300 ## - DESCRIPCIÓN FÍSICA | |
| Extensión | 8 p. ; |
| Dimensiones | 22 cm. |
| 600 14 - PUNTO DE ACCESO ADICIONAL DE MATERIA--NOMBRE DE PERSONA | |
| Nombre de persona | Campoamor, Clara, |
| Fechas asociadas al nombre | 1888-1972 |
| 9 (RLIN) | 34230 |
| 710 2# - ENTRADA AGREGADA--NOMBRE DE ENTIDAD CORPORATIVA | |
| Nombre de entidad corporativa o nombre de jurisdicción como elemento de entrada | Fundación Clara Campoamor |
| 9 (RLIN) | 4253 |
| 852 ## - LOCALIZACIÓN | |
| Ubicación | ES-MaACL |
| Número de control de estantería | 2143-F-5 |
| Estatus retirado | Estado de pérdida | Estado de daño | No para préstamo | Colección | Biblioteca de origen | Biblioteca actual | Ubicación en estantería | Fecha de adquisición | Fuente de adquisición | Total de préstamos | Signatura topográfica completa | Código de barras | Visto por última vez | Precio de reemplazo | Tipo de ítem Koha |
|---|---|---|---|---|---|---|---|---|---|---|---|---|---|---|---|
| Colección de folletos | Biblioteca del Ateneo de Madrid | Biblioteca del Ateneo de Madrid | Depósito folletos | 17/01/2008 | 2143-F-5 | 1040847 | 23/02/2023 | 23/02/2023 | Folleto |
